header

The life of George Eliot (Record no. 135367)

MARC details
000 -LEADER
fixed length control field 01759nam a2200361 a 4500
082 04 - DEWEY DECIMAL CLASSIFICATION NUMBER
Classification number 823/.8
-- B
100 1# - MAIN ENTRY--AUTHOR NAME
Personal name Henry, Nancy,
245 14 - TITLE STATEMENT
Title The life of George Eliot
260 ## - PUBLICATION, DISTRIBUTION, ETC. (IMPRINT)
Place of publication Malden, Mass. :
Name of publisher Wiley-Blackwell,
Year of publication 2012.
300 ## - PHYSICAL DESCRIPTION
Number of Pages xiii, 299 p. :
Other physical details ill., ports.
490 1# - SERIES STATEMENT
Series statement Blackwell critical biographies
505 0# - FORMATTED CONTENTS NOTE
Formatted contents note The history of a writer : George Eliot and biographies -- Early years (1819-1849) -- London and George Lewes (1850-54) -- Marian Lewes and George Eliot (1855-59) -- Silas Marner and Romola (1860-64) -- Felix Holt, the radical and The Spanish gypsy (1865-69) -- Middlemarch (1870-72) -- Daniel Deronda (1873-76) -- Impressions of Theophrastus Such (1877-78) -- The final years : 1879 to Cross's life.
650 #0 - SUBJECT ADDED ENTRY--TOPICAL TERM
Topical Term Novelists, English
856 40 - ELECTRONIC LOCATION AND ACCESS
Uniform Resource Identifier http://site.ebrary.com/lib/rucke/Doc?id=10540952

No items available.

© 2026 Rongo University
Contact us: librarian | system librarian | Rongo university